banner-ar

رومل ثعلب الصحراء : (Record no. 60854)

MARC details
000 -الفاتح
حقل البيانات ثابتة الطول 01308nam a22003017a 4500
005 - وقت وتاريخ اخر تعامل مع التسجيلة
رقم الضبط 20240530110431.0
008 - عناصر البيانات ثابتة الطول - معلومات عامة
حقل البيانات ثابتة الطول 150224s2011 ua b g 000 0 ara d
017 ## - رقم الايداع القانونى
رقم الايداع القانونى 2010/16043
المصدر ( الهيئة المختصة) مصر . دار الكتب المصرية
020 ## - الرقم الدولى المعيارى للكتب
الرقم الدولى المعيارى للكتاب 9789773502823
040 ## - مصدر الفهرسة
وكالة الفهرسة الأصلية EG-CaGPL
041 0# - رمز اللغة
رمز لغة النص/ المسارات الصوتية أو العنوان الانفرادي ara
082 04 - رقم تصنيف ديوى العشرى
رقم الطبعة 21
رقم التصنيف 940.54/
رقم المادة م ر
100 0# - المدخل الرئيسى - إسم شخصى
الإسم الشخصى محمد حسن العيدروس
245 10 - بيان العنوان
العنوان رومل ثعلب الصحراء :
بقية العنوان الانتصار الالمانى على القوات البريطانية قيادة رومل لتحقيق النصر من يناير الى يونيو 1942 /
بيان المسئوليه,etc محمد حسن العيدروس
250 ## - بيان الطبعة
بيان الطبعة ط1
260 ## - PUBLICATION, DISTRIBUTION, ETC. (IMPRINT)
تاريخ النشر أو التوزيع 2011
300 ## - الوصف المادى
التعداد 341 ص ؛
أبعاد الوعاء 24 سم
490 ## - بيان السلسلة
عنوان السلسلة الموسوعة العسكرية التاريخية
600 04 - المدخل الاضافى بالموضوع-اسم شخصى
الإسم الشخصى رومل
التقسيم الفرعي العام تاريخ عسكرى
650 04 - المدخل الاضافى بالموضوع-مصطلح موضوعى
مصطلح موضوعي معركة الغزالة
650 04 - المدخل الاضافى بالموضوع-مصطلح موضوعى
مصطلح موضوعي معركة طبرق
650 04 - المدخل الاضافى بالموضوع-مصطلح موضوعى
مصطلح موضوعي بريطانيا
التقسيم الفرعي العام تاريخ
التقسيم الفرعي الزمني العصر الحديث
650 04 - المدخل الاضافى بالموضوع-مصطلح موضوعى
مصطلح موضوعي الحرب العالمية الثانية ( 1939 - 1945 )
651 04 - المدخل الاضافى بالموضوع - اسم جغرافى
الاسم الجغرافي ليبيا
التقسيم الفرعي العام الحرب العالمية الثانية
651 04 - المدخل الاضافى بالموضوع - اسم جغرافى
الاسم الجغرافي افريقيا
التقسيم الفرعي العام الحرب العالمية الثانية
942 ## - عناصر المدخل الإضافي( كوها)
مصدر التصنيف او مخطط الترفيف Dewey Decimal Classification
Koha [default] item type كتاب
260 ## - PUBLICATION, DISTRIBUTION, ETC. (IMPRINT)
-- القاهرة :
-- دار الكتاب الحديث ،
Holdings
حالة التراجع حالة الفقد حالة تلف ليس للاعارة المكان المؤقت الموقع الحالى تاريخ الاكتساب اجمالي اﻻعارات رقم الطلب الباركود تاريخ اخر مشاهدة تاريخ تفعيل السعر نوع وعاء كوها
        مكتبة القاهرة الكبرى مكتبة القاهرة الكبرى 04/01/2015   940.54/ م ر 160031 04/01/2015 04/01/2015 كتاب

Powered By

EGPV